Cruising the movies: a sexual guide to "oldies" on TV /

সংরক্ষণ করুন:
গ্রন্থ-পঞ্জীর বিবরন
প্রধান লেখক: McDonald, Boyd (লেখক)
অন্যান্য লেখক: Eves, Bruce, Modica, Joseph
বিন্যাস: গ্রন্থ
ভাষা:ইংরেজি
প্রকাশিত: New York : The gay presses of New York
ট্যাগগুলো: ট্যাগ যুক্ত করুন
কোনো ট্যাগ নেই, প্রথমজন হিসাবে ট্যাগ করুন!

MARC

LEADER 00000nam a22000007i 4500
001 IT\ICCU\UBO\3256608
003 ItRI
005 20260115231827.0
008 070725s1985 xxu|||||| ||||| |||||c
020 |a 091401708X 
040 |b ita  |c importazione bologna sebina 
041 7 |a eng  |2 ISO-639-2 
100 1 |a McDonald, Boyd  |0 IT\ICCU\UBOV\171547  |4 aut 
245 1 0 |a Cruising the movies: a sexual guide to "oldies" on TV /  |c Boyd McDonald ; designed by Bruce Eves ; cover photo Joseph Modica. 
260 |a New York :  |b The gay presses of New York 
300 |a 175 p. :ill. ;  |c 23 cm. 
700 1 |a Eves, Bruce  |0 IT\ICCU\UBOV\171548 
700 1 |a Modica, Joseph  |0 IT\ICCU\UBOV\171549 
942 |2 ddc  |c BK  |n 0 
952 |0 0  |1 0  |4 0  |6 DOC_791_436000000000000_MCD  |7 0  |9 13640  |a BO  |b BO  |d 2026-01-15  |i 1633  |l 0  |o DOC 791.436 MCD  |p BO1633  |r 2026-01-15 23:18:27  |w 2026-01-15  |x [Sebina 7] [1 v.]  |y BK  |z 1 v. 
999 |c 11734  |d 11734